[Event "World Blitz 2025"]
[Site "Doha QAT"]
[Date "2025.12.29"]
[Round "13.34"]
[White "Svane, Rasmus"]
[Black "Makhnev, Denis"]
[Result "0-1"]
[WhiteTitle "GM"]
[BlackTitle "GM"]
[WhiteElo "2608"]
[BlackElo "2532"]
[WhiteFideId "4657101"]
[BlackFideId "13707647"]
[EventDate "2025.12.29"]

1. Nf3 Nf6 2. g3 d5 3. Bg2 Nc6 4. d4 Bf5 5. O-O Nb4 6. Na3 e6 7. c3 Nc6 8. Qb3
Rb8 9. Bg5 Be7 10. Bxf6 Bxf6 11. Nd2 O-O 12. e4 dxe4 13. Nxe4 Be7 14. Nc4 Bg6
15. a4 Qd7 16. Rfe1 Rfd8 17. Rad1 a6 18. Ne3 Bf8 19. Qa2 Qc8 20. b4 Ne7 21. Ng5
c6 22. Nc4 Nd5 23. Qb2 h6 24. Nf3 Qc7 25. a5 Re8 26. Nfe5 Bh7 27. Be4 Bxe4 28.
Rxe4 Rbd8 29. Rde1 g6 30. h4 Bg7 31. Qc2 h5 32. R4e2 Ne7 33. Nf3 Nf5 34. Kg2 Qd7
35. Nb6 Qc7 36. Qe4 Bf6 37. Ne5 Kg7 38. Qf4 Qd6 39. Nd3 Qe7 40. Kg1 Rh8 41. Nc5
Rhe8 42. Qf3 Kg8 43. Nc4 Qc7 44. Ne5 Rd5 45. Ned3 Rdd8 46. Nf4 Bg7 47. Nfxe6
fxe6 48. Nxe6 Rxe6 49. Rxe6 Qf7 50. Qe4 Bf8 51. Qe5 Bg7 52. Re8+ Kh7 53. Qe6
Rxe8 54. Qxf7 Rxe1+ 55. Kg2 Re7 56. Qa2 Bf6 57. Qd2 Kg7 58. Qd1 Rd7 59. Qe2 Kf7
60. Qc4+ Kg7 61. Qe2 Re7 62. Qd2 Nd6 63. Qd3 Nb5 64. Qd2 Nc7 65. Qd3 Nd5 66. Qd2
Rd7 67. Kf1 Rf7 68. Kg2 Kh7 69. Qe1 Re7 70. Qd2 Re4 71. Kf3 Re8 72. Kg2 Bg7 73.
Kf1 Re7 74. Qd3 Bf6 75. Qd2 Nc7 76. Kg2 Nb5 77. Kf1 Kg7 78. Kg2 Nd6 79. Kf1 Ne4
80. Qd3 g5 81. hxg5 Bxg5 82. Kg2 h4 83. f4 Bh6 84. gxh4 Bxf4 85. Qf3 Bc7 86.
Qg4+ Kf7 87. Qf5+ Nf6 88. Qc8 Bf4 89. Kf3 Bd2 90. Qf5 Bxc3 91. h5 Bxd4 92. Qg6+
Ke6 93. h6 Be5 94. Ke2 Bf4 95. Kf3 Bd2 96. Ke2 Bxb4 97. Kd3 Bxa5 98. Kc4 Bc7 99.
Qg5 Be5 100. Qh4 Kd6 101. Qg5 a5 102. Qd2+ Nd5 103. Qxa5 Bf4 104. Qa3+ Kd7 105.
Qh3+ Kc7 106. h7 Re4+ 107. Kd3 Ra4 108. h8=Q Ra3+ 109. Kc2 Rxh3 110. Qxh3 Bd6
111. Qh7+ Be7 112. Qe4 b5 113. Qd4 Kb7 114. Qe5 Bc5 115. Qg7+ Kb6 116. Qh8 Bd6
117. Qd8+ Bc7 118. Qh8 Nb4+ 119. Kb3 c5 120. Qe8 Nc6 121. Kb2 c4 122. Qe4 Be5+
123. Kb1 Bd4 124. Qd5 Bc5 125. Kc1 Ba3+ 126. Kb1 c3 127. Qb3 Bb4 128. Qd5 Bc5
129. Qe4 Nd4 130. Qd3 b4 131. Qc4 c2+ 132. Kb2 b3 133. Qd5 Ba3+ 134. Kxa3 c1=Q+
135. Ka4 Qc6+ 0-1

[Event "World Blitz 2025"]
[Site "Doha QAT"]
[Date "2025.12.29"]
[Round "13.35"]
[White "Matlakov, Maxim"]
[Black "Gholami Orimi, Mahdi"]
[Result "1-0"]
[WhiteTitle "GM"]
[BlackTitle "GM"]
[WhiteElo "2606"]
[BlackElo "2515"]
[WhiteFideId "4168003"]
[BlackFideId "12558486"]
[EventDate "2025.12.29"]

1. d4 Nf6 2. c4 e6 3. Nf3 d5 4. g3 dxc4 5. Bg2 c5 6. O-O Nc6 7. dxc5 Qxd1 8.
Rxd1 Bxc5 9. Nbd2 c3 10. bxc3 O-O 11. Nb3 Be7 12. Nfd4 Nxd4 13. Rxd4 e5 14. Rd1
e4 15. Be3 b6 16. Bd4 Ba6 17. Kf1 Rac8 18. a4 Nd5 19. Rdc1 f5 20. a5 Bc4 21. Nd2
Bf6 22. axb6 axb6 23. Ke1 b5 24. Nxc4 Rxc4 25. e3 Nxc3 26. Bf1 Rcc8 27. Bxf6
gxf6 28. Ra7 b4 29. Rb7 Rb8 30. Bc4+ Kh8 31. Ra7 Rfd8 32. Bb3 Rd3 33. Rca1 Rbd8
34. Rb7 R8d7 35. Ra8+ Kg7 36. Raa7 Rxb7 37. Rxb7+ Kg6 38. Rxb4 Rd7 39. Rb8 Nd5
40. Rg8+ Kh6 41. Kf1 Nc7 42. Kg2 Re7 43. Rf8 Kg7 44. Rg8+ Kh6 45. Bc4 Ne6 46. h4
Ng7 47. Rf8 Kg6 48. Be2 Rc7 49. Bb5 Re7 50. Kh3 Rc7 51. Kg2 Re7 52. Ra8 Rc7 53.
Rd8 Re7 54. Rg8 Rc7 55. Ba4 Re7 56. Bb5 Rc7 57. Be8+ Kh6 58. Ba4 Kg6 59. Rf8 Re7
60. Ra8 Rc7 61. Bb5 Re7 62. Ra6 Rc7 63. Be2 Re7 64. Ra5 Rc7 65. g4 fxg4 66. Bxg4
f5 67. Ra6+ Kf7 68. Bd1 Rb7 69. Be2 Rc7 70. Bd1 Rb7 71. Kg3 Rb1 72. Be2 Re1 73.
Bc4+ Ke7 74. Kf4 Rg1 75. Ke5 Ne8 76. Ra7+ Kd8 77. Ra8+ Ke7 78. Be6 Nc7 79. Ra7
Rc1 80. Bxf5 h6 81. Bxe4 Rc5+ 82. Kf4 Kf6 83. Rb7 Ne6+ 84. Kf3 Rh5 85. Rb6 Ke7
86. Kg4 Re5 87. f3 h5+ 88. Kg3 Nc5 89. Kf4 Re6 90. Rxe6+ 1-0

[Event "World Blitz 2025"]
[Site "Doha QAT"]
[Date "2025.12.29"]
[Round "13.36"]
[White "Samunenkov, Ihor"]
[Black "Pantsulaia, Levan"]
[Result "1-0"]
[WhiteTitle "GM"]
[BlackTitle "GM"]
[WhiteElo "2584"]
[BlackElo "2472"]
[WhiteFideId "14187086"]
[BlackFideId "13602071"]
[EventDate "2025.12.29"]

1. e4 c5 2. c3 Nf6 3. e5 Nd5 4. Bc4 Nb6 5. Bb3 Nc6 6. d4 cxd4 7. cxd4 d5 8. Bc2
Nb4 9. Nc3 Nxc2+ 10. Qxc2 e6 11. Qd3 Bd7 12. Nge2 Na4 13. O-O Nxc3 14. Nxc3 Qb6
15. Bd2 Rc8 16. Rab1 Be7 17. Qg3 g6 18. Rfd1 Qxd4 19. Bg5 Qb4 20. a3 Qc5 21.
Rbc1 Bxg5 22. Qxg5 h6 23. Qf6 O-O 24. h4 Rfe8 25. Qf4 Qf8 26. Ne2 Rxc1 27. Rxc1
Rc8 28. Rd1 h5 29. Nd4 Qe7 30. Nf3 Rc4 31. Qe3 b6 32. b3 Rc8 33. a4 Kg7 34. Qf4
b5 35. axb5 Bxb5 36. Ng5 Be2 37. Ra1 a6 38. Kh2 Bb5 39. Re1 Bd3 40. Re3 Bf5 41.
Re2 Qc7 42. Ra2 a5 43. Qd4 f6 44. Nf3 Kf7 45. Ra1 Qc5 46. Qd2 Qc3 47. Qxc3 Rxc3
48. Rxa5 fxe5 49. Nxe5+ Kf6 50. f4 Ke7 51. Ra7+ Kd6 52. b4 Rc7 53. Ra6+ Ke7 54.
b5 Rb7 55. b6 Be4 56. Nc6+ Kd7 57. Na5 Rb8 58. b7 d4 59. Rb6 d3 60. Rb4 Bd5 61.
Rd4 Kc7 62. Rxd3 Kb6 63. Ra3 Bxb7 64. Nc4+ Kc5 65. Ne5 Be4 66. Nd7+ Kd5 1-0

[Event "World Blitz 2025"]
[Site "Doha QAT"]
[Date "2025.12.29"]
[Round "13.37"]
[White "Drygalov, Sergey"]
[Black "Zemlyanskii, Ivan"]
[Result "0-1"]
[WhiteTitle "GM"]
[BlackTitle "GM"]
[WhiteElo "2571"]
[BlackElo "2592"]
[WhiteFideId "24171743"]
[BlackFideId "24249971"]
[EventDate "2025.12.29"]

1. d4 Nf6 2. c4 g6 3. Nc3 Bg7 4. e4 d6 5. Nf3 O-O 6. Be2 Bg4 7. Be3 Nfd7 8. Qb3
Bxf3 9. Bxf3 Nc6 10. Rd1 e5 11. dxe5 dxe5 12. Qxb7 Nd4 13. O-O Nc5 14. Qb4 Nce6
15. Bg4 f5 16. exf5 gxf5 17. Bh3 Rb8 18. Qa3 c6 19. Kh1 Qc7 20. b3 e4 21. Qc1
Qa5 22. Bd2 Qe5 23. Rde1 Rbd8 24. Na4 Qd6 25. Rd1 Qe7 26. Rfe1 Kh8 27. Nc3 Qh4
28. Rf1 Be5 29. Be3 Qf6 30. Na4 Ne2 31. Qc2 N2f4 32. Rxd8 Rxd8 33. Rd1 Rg8 34.
Nc5 Nxc5 35. Bxc5 Nxh3 36. gxh3 Qh4 37. f3 Qxh3 38. Qf2 Bxh2 39. Qf1 Qh5 0-1

[Event "World Blitz 2025"]
[Site "Doha QAT"]
[Date "2025.12.29"]
[Round "13.38"]
[White "Ahmad, Khagan"]
[Black "Muradli, Mahammad"]
[Result "1-0"]
[WhiteTitle "IM"]
[BlackTitle "GM"]
[WhiteElo "2472"]
[BlackElo "2581"]
[WhiteFideId "13431552"]
[BlackFideId "13409301"]
[EventDate "2025.12.29"]

1. Nf3 d5 2. d4 Nf6 3. c4 e6 4. Nc3 dxc4 5. e4 b5 6. e5 Nd5 7. Nxb5 Nb6 8. Be2
Nc6 9. Nc3 Bb7 10. O-O Be7 11. Be3 O-O 12. Rc1 Rb8 13. Na4 Nb4 14. Nxb6 axb6 15.
Bxc4 Bd5 16. a3 Bxc4 17. Rxc4 Nd5 18. Nd2 Qd7 19. Ne4 Rfd8 20. Rc1 b5 21. Qg4 b4
22. axb4 Rxb4 23. Rc2 Rdb8 24. Ra1 Qd8 25. Nc3 Rxb2 26. Rxb2 Rxb2 27. Nxd5 Qxd5
28. h4 f5 29. exf6 Bxf6 30. h5 Kf7 31. Rc1 Rb7 32. Qe2 Be7 33. h6 gxh6 34. Bxh6
Qf5 35. Be3 Bd6 36. g3 h5 37. Kg2 Rb8 38. Rh1 Rh8 39. Rh4 Ke7 40. Bf4 Qd5+ 41.
Kh2 Rf8 42. Rxh5 Qxd4 43. Rh7+ Rf7 44. Bg5+ Kf8 45. Rxf7+ Kxf7 46. Qh5+ Kg7 47.
Qh6+ Kf7 48. Qh5+ Kg7 49. Qh6+ Kf7 50. Qh7+ Ke8 51. Qg6+ Kd7 52. Qf7+ Kc6 53.
Be3 Qd5 54. Qg6 Kd7 55. Qf7+ Kc6 56. Qg6 Qc4 57. Qe8+ Kb7 58. Qh5 Qd3 59. Qf3+
Kc8 60. Kg2 Qc4 61. g4 Qd3 62. g5 Qc4 63. g6 e5 64. g7 Qe6 65. Qa8+ Kd7 66. g8=Q 1-0

[Event "World Blitz 2025"]
[Site "Doha QAT"]
[Date "2025.12.29"]
[Round "13.39"]
[White "Pranav, Anand"]
[Black "Uskov, Artem"]
[Result "1/2-1/2"]
[WhiteTitle "GM"]
[BlackTitle "GM"]
[WhiteElo "2591"]
[BlackElo "2516"]
[WhiteFideId "46626786"]
[BlackFideId "34254854"]
[EventDate "2025.12.29"]

1. e4 c5 2. Nf3 e6 3. d4 cxd4 4. Nxd4 Nc6 5. Bf4 d6 6. Nxc6 bxc6 7. Bd3 Rb8 8.
Nd2 Nf6 9. O-O e5 10. Be3 Qc7 11. h3 d5 12. exd5 cxd5 13. Qe2 Be7 14. b3 O-O 15.
c4 e4 16. Bc2 Ba6 17. Rac1 Rbc8 18. Bb1 Rfd8 19. Bd4 g6 20. Qe3 Qd7 21. Rfd1
dxc4 22. Nxc4 Qe6 23. Bxa7 Rxd1+ 24. Rxd1 Bxc4 25. bxc4 Rxc4 26. Bd4 Ra4 27. Ba1
Nd5 28. Qb3 Rb4 29. Qg3 e3 30. fxe3 Nxe3 31. Rc1 Nf5 32. Bxf5 Qxf5 33. Qc3 Qc5+
34. Qxc5 Bxc5+ 35. Rxc5 Rb1+ 36. Kf2 Rxa1 37. Ra5 Kg7 38. a4 Ra2+ 39. Kf3 h5 40.
h4 f6 41. g3 Ra3+ 42. Kf4 Rb3 43. Ra6 Rb4+ 44. Kf3 Rb3+ 45. Kg2 Rb2+ 46. Kf1 Rb3
47. Kf2 Rb2+ 1/2-1/2

[Event "World Blitz 2025"]
[Site "Doha QAT"]
[Date "2025.12.29"]
[Round "13.40"]
[White "Theodorou, Nikolas"]
[Black "Nogerbek, Kazybek"]
[Result "1/2-1/2"]
[WhiteTitle "GM"]
[BlackTitle "GM"]
[WhiteElo "2652"]
[BlackElo "2539"]
[WhiteFideId "4262875"]
[BlackFideId "13710427"]
[EventDate "2025.12.29"]

1. d4 Nf6 2. Nf3 d5 3. c4 e6 4. g3 Be7 5. Bg2 O-O 6. Nc3 h6 7. Ne5 Nc6 8. O-O
Nxe5 9. dxe5 Nd7 10. cxd5 Nxe5 11. Qd4 Ng6 12. Rd1 e5 13. Qc4 Bd6 14. e4 a6 15.
Qe2 Bc5 16. Be3 Bxe3 17. Qxe3 Qd6 18. Rac1 Bd7 19. a3 Rfd8 20. Nb1 Rac8 21. Nd2
Be8 22. Nc4 Qf6 23. Qa7 Rb8 24. Ne3 Qe7 25. Bh3 Kh8 26. Kg2 Bd7 27. Bf5 Bxf5 28.
Nxf5 Qd7 29. Qc5 Rbc8 30. h4 Nf8 31. Qe7 Ng6 32. Qc5 Re8 33. Qb4 Rb8 34. Rc3 c6
35. Rcd3 cxd5 36. Rxd5 Qc6 37. Rd6 Qc2 38. R1d2 Qb1 39. Rd7 Rbc8 40. Rd1 Qc2 41.
Ne3 Qc5 42. Qxc5 Rxc5 43. Rxf7 Re7 44. Rxe7 Nxe7 45. Rd7 Ng8 46. Rxb7 Nf6 47.
Nf5 Nxe4 48. Kf3 Nd2+ 49. Ke2 Ne4 50. f3 Nf6 51. Nxg7 e4 52. fxe4 Nxe4 53. g4
Nf6 54. g5 hxg5 55. hxg5 Rxg5 56. Rb6 Kxg7 57. Rxa6 Rg2+ 58. Kd3 Rxb2 59. a4 Kf7
60. Ra8 Ke6 61. a5 Nd5 62. a6 Nc7 63. Rh8 Ra2 64. Rh6+ Kd5 65. Rh5+ Kc6 66. Rh6+
Kb5 67. Rh5+ Kb4 68. Rh4+ Kb3 69. Rh7 Nxa6 70. Rb7+ Nb4+ 71. Kd4 Rd2+ 72. Ke4
Rd6 73. Rb8 Kc4 74. Rc8+ Nc6 75. Rc7 Kc5 76. Rc8 Re6+ 77. Kf5 Kd5 78. Kf4 Re1
79. Ra8 Re4+ 80. Kf3 Nd4+ 81. Kf2 Re2+ 82. Kg3 Re7 83. Kf4 Rf7+ 84. Ke3 Rf3+ 85.
Kd2 Nc6 86. Rh8 Kc4 87. Rc8 Rf6 88. Ke3 Re6+ 89. Kf4 Kd3 90. Ra8 Re4+ 91. Kf5
Nd4+ 92. Kf6 Re6+ 93. Kf7 Re1 94. Ra3+ Kc4 95. Ra8 Nc6 96. Ra2 Kd5 97. Rd2+ Ke5
98. Ra2 Rf1+ 99. Kg6 Ke6 100. Kg5 Rf5+ 101. Kg4 Ne5+ 102. Kg3 Rf3+ 103. Kg2 Rb3
104. Ra8 Kf5 105. Rf8+ Ke4 106. Re8 Ra3 107. Kf2 Ra7 108. Kg2 Rf7 109. Ra8 Ke3
110. Re8 Rg7+ 111. Kh3 Rg5 112. Ra8 Nd3 113. Kh4 Rg1 114. Kh5 Nf4+ 115. Kh6 Ke4
116. Ra4+ Kf5 117. Ra5+ Kf6 118. Ra6+ Ne6 119. Kh5 Kf5 120. Ra5+ Ke4 121. Ra4+
Nd4 122. Kh6 Ke5 123. Ra8 Nf5+ 124. Kh7 Rg7+ 125. Kh8 Rb7 126. Ra6 Nd6 127. Ra1
Kf6 128. Rf1+ Nf5 129. Kg8 Rb5 130. Rf2 1/2-1/2

[Event "World Blitz 2025"]
[Site "Doha QAT"]
[Date "2025.12.29"]
[Round "13.41"]
[White "Dominguez Perez, Leinier"]
[Black "Movahed, Sina"]
[Result "0-1"]
[WhiteTitle "GM"]
[BlackTitle "GM"]
[WhiteElo "2738"]
[BlackElo "2596"]
[WhiteFideId "3503240"]
[BlackFideId "42520835"]
[EventDate "2025.12.29"]

1. e4 c5 2. Nf3 d6 3. d4 cxd4 4. Nxd4 Nf6 5. Nc3 g6 6. Be3 Bg7 7. f3 a6 8. Qd2
h5 9. h3 Nbd7 10. Be2 b5 11. a4 bxa4 12. Nxa4 Bb7 13. Nb3 a5 14. Nc3 O-O 15. O-O
Ne5 16. Ra2 Ba6 17. Rxa5 Nc4 18. Bxc4 Bxc4 19. Rxa8 Qxa8 20. Ra1 Qb8 21. Ra7
Bxb3 22. cxb3 Re8 23. Nd5 Nxd5 24. Qxd5 Qb4 25. Kf2 Be5 26. Qb7 Bg3+ 27. Kxg3
Qe1+ 28. Kh2 Qxe3 29. Ra8 Qf4+ 30. Kh1 Qc1+ 31. Kh2 Rxa8 32. Qxa8+ Kg7 33. Qd5
Qxb2 34. Qc4 e6 35. b4 Qe5+ 36. Kh1 d5 37. exd5 exd5 38. Qc5 Qe1+ 39. Kh2 Qe5+
40. Kh1 Qa1+ 41. Kh2 d4 42. Qe5+ Kg8 43. b5 Qb2 44. Qb8+ Kg7 45. Qe5+ Kg8 46. h4
Qb4 47. Qb8+ Kg7 48. Qe5+ Kg8 49. Qb8+ Kh7 50. Qc7 Kg7 51. b6 d3 52. b7 Qxh4+
53. Kg1 Qe1+ 54. Kh2 Qh4+ 55. Kg1 Qd4+ 56. Kh2 d2 57. b8=Q Qh4+ 0-1

[Event "World Blitz 2025"]
[Site "Doha QAT"]
[Date "2025.12.29"]
[Round "13.42"]
[White "Niemann, Hans Moke"]
[Black "Sasikiran, Krishnan"]
[Result "1-0"]
[WhiteTitle "GM"]
[BlackTitle "GM"]
[WhiteElo "2725"]
[BlackElo "2538"]
[WhiteFideId "2093596"]
[BlackFideId "5004985"]
[EventDate "2025.12.29"]

1. e4 c5 2. Nf3 d6 3. d4 cxd4 4. Nxd4 Nf6 5. Nc3 a6 6. Bg5 e6 7. f3 h6 8. Be3 b5
9. Qd2 Nbd7 10. a3 Bb7 11. O-O-O Rc8 12. Kb1 d5 13. exd5 Bxd5 14. Nf5 Rxc3 15.
Nxg7+ Bxg7 16. Qxc3 h5 17. Be2 O-O 18. Qd2 Qc7 19. Bh6 Qe5 20. Bxg7 Kxg7 21. Bd3
h4 22. Rde1 Qh5 23. g4 Qh8 24. Qg5# 1-0

[Event "World Blitz 2025"]
[Site "Doha QAT"]
[Date "2025.12.29"]
[Round "13.43"]
[White "Rakhmanov, Aleksandr"]
[Black "Esipenko, Andrey"]
[Result "1-0"]
[WhiteTitle "GM"]
[BlackTitle "GM"]
[WhiteElo "2585"]
[BlackElo "2698"]
[WhiteFideId "4173708"]
[BlackFideId "24175439"]
[EventDate "2025.12.29"]

1. c4 e6 2. Nc3 d5 3. d4 Be7 4. Bf4 Nf6 5. e3 O-O 6. a3 b6 7. Nb5 Na6 8. Nf3 Bb7
9. Be2 c5 10. O-O Nh5 11. Be5 f6 12. Bg3 Nxg3 13. hxg3 Qd7 14. Rc1 Bc6 15. Nc3
Nc7 16. cxd5 exd5 17. Qc2 c4 18. e4 b5 19. Rfe1 Rad8 20. Rcd1 dxe4 21. Nxe4 Ne6
22. d5 Bxd5 23. Nc3 Nc7 24. Nh4 Bc5 25. Bf3 Qf7 26. Nxd5 Nxd5 27. Qf5 Bxf2+ 28.
Kxf2 Nc7 29. Bc6 a6 30. Nf3 g6 31. Qe4 Kg7 32. g4 Na8 33. Rxd8 Rxd8 34. Bxa8
Qa7+ 35. Kg3 Rxa8 36. Qe7+ Qxe7 37. Rxe7+ Kh6 38. Re6 a5 39. Rb6 b4 40. axb4 a4
41. Rc6 a3 42. bxa3 Rxa3 43. Rxc4 Rb3 44. Rd4 g5 45. Kf2 Kg6 46. Nd2 Rb2 47. Ke3
h5 48. gxh5+ Kxh5 49. Kd3 f5 50. Kc3 Ra2 51. b5 f4 52. b6 Ra8 53. b7 Rb8 54. Rd7
Kg4 55. Ne4 Rf8 56. Rg7 Kf5 57. Nd6+ Kf6 58. Rf7+ 1-0

[Event "World Blitz 2025"]
[Site "Doha QAT"]
[Date "2025.12.29"]
[Round "13.44"]
[White "Alexakis, Dimitris"]
[Black "Harikrishna, Pentala"]
[Result "0-1"]
[WhiteTitle "GM"]
[BlackTitle "GM"]
[WhiteElo "2544"]
[BlackElo "2693"]
[WhiteFideId "4277023"]
[BlackFideId "5007003"]
[EventDate "2025.12.29"]

1. e4 e5 2. Nc3 Nf6 3. g3 Bc5 4. Bg2 c6 5. Nge2 d5 6. exd5 cxd5 7. d4 exd4 8.
Nxd4 Bg4 9. Nde2 Nc6 10. O-O d4 11. Na4 Be7 12. h3 Bh5 13. g4 Bg6 14. Bxc6+ bxc6
15. Nxd4 Qd7 16. Re1 Rd8 17. Be3 c5 18. Nxc5 Bxc5 19. Nf5 Qxd1 20. Nxg7+ Kf8 21.
Bxc5+ Kxg7 22. Raxd1 Bxc2 23. Rxd8 Rxd8 24. Bxa7 Kg6 25. Be3 Nd5 26. Bd2 Nc7 27.
Be3 Nd5 28. Bd2 Ra8 29. a3 Bb3 30. f4 f6 31. Kf2 Rd8 32. h4 h5 33. f5+ Kf7 34.
g5 Bc2 35. gxf6 Nxf6 36. Bg5 Rb8 37. b4 Ne4+ 38. Kf3 Nxg5+ 39. hxg5 Bxf5 40. Rc1
Kg6 41. Kf4 Bd7 42. Rc7 Rf8+ 43. Kg3 Rf7 44. Rc5 Bf5 45. b5 Kxg5 46. a4 h4+ 47.
Kh2 Rd7 48. b6 Rd2+ 49. Kg1 Rb2 50. a5 Kf4 51. Rc7 Kg3 52. Kf1 Bg4 53. Ke1 Re2+
54. Kf1 Re3 55. Rg7 Ra3 56. Ke1 Rxa5 57. b7 Rb5 58. Kd2 h3 59. Kc3 h2 60. Rh7
Rb1 61. Kc4 Bf3 62. Rg7+ Kf2 63. Rh7 h1=Q 64. Rxh1 Bxh1 65. Kd4 0-1

[Event "World Blitz 2025"]
[Site "Doha QAT"]
[Date "2025.12.29"]
[Round "13.45"]
[White "Alekseenko, Kirill"]
[Black "Kozak, Adam"]
[Result "1-0"]
[WhiteTitle "GM"]
[BlackTitle "GM"]
[WhiteElo "2659"]
[BlackElo "2546"]
[WhiteFideId "4135539"]
[BlackFideId "753246"]
[EventDate "2025.12.29"]

1. e4 e5 2. Nf3 Nc6 3. Bb5 Nf6 4. d3 Bc5 5. Bxc6 dxc6 6. Nbd2 Nd7 7. O-O O-O 8.
Nc4 Re8 9. a4 a5 10. Kh1 b6 11. Be3 Bf8 12. Ng1 Ba6 13. Nd2 Bd6 14. Ne2 Nc5 15.
f4 exf4 16. Nxf4 Bxf4 17. Rxf4 Ne6 18. Rf2 c5 19. b3 Qd7 20. Qg4 Rad8 21. Raf1
Nd4 22. Qd1 Nxc2 23. Qxc2 Bxd3 24. Qb2 Bxf1 25. Rxf1 Qd3 26. Re1 f5 27. e5 Rd5
28. Nf3 c4 29. bxc4 Qxc4 30. Rc1 Qxa4 31. Rxc7 Qd1+ 32. Bg1 Rd7 33. Qxb6 Rxc7
34. Qxc7 Qd5 35. Qd6 Qxd6 36. exd6 Kf7 37. d7 Rd8 38. Bb6 Rxd7 39. Ne5+ Ke6 40.
Nxd7 Kxd7 41. Bxa5 f4 42. Bc3 g6 43. Be5 g5 44. Bf6 1-0

[Event "World Blitz 2025"]
[Site "Doha QAT"]
[Date "2025.12.29"]
[Round "13.46"]
[White "Mamedov, Rauf"]
[Black "Lobanov, Sergei"]
[Result "1/2-1/2"]
[WhiteTitle "GM"]
[BlackTitle "GM"]
[WhiteElo "2645"]
[BlackElo "2527"]
[WhiteFideId "13401653"]
[BlackFideId "24183750"]
[EventDate "2025.12.29"]

1. e4 c5 2. c3 Nf6 3. e5 Nd5 4. Bc4 Nb6 5. Bb3 c4 6. Bc2 d6 7. exd6 Qxd6 8. Na3
Nc6 9. Nf3 Qe6+ 10. Kf1 g6 11. h4 h6 12. d4 cxd3 13. Nb5 Qd7 14. Qxd3 a6 15.
Qxd7+ Kxd7 16. Be3 axb5 17. Bxb6 Bg7 18. Rd1+ Ke8 19. a3 Be6 20. g3 Bc4+ 21. Kg2
e6 22. Rhe1 Ne7 23. Bc5 Bd5 24. Be4 Bxe4 25. Rxe4 Nc6 26. Ree1 Rd8 27. Nd2 Rd5
28. Bb6 Kd7 29. Ne4 Rb8 30. Nc5+ Kd6 31. a4 bxa4 32. c4 Rxd1 33. Rxd1+ Bd4 34.
Nxa4 e5 35. b4 Ke6 36. Nc5+ Bxc5 37. Bxc5 Rd8 38. Ra1 Rc8 39. Rd1 Rd8 40. Re1
Rc8 41. f4 f6 42. Kf3 h5 43. Rd1 Rd8 44. Rxd8 Nxd8 45. b5 Nf7 46. Be3 Nd6 47.
fxe5 fxe5 48. c5 Nxb5 49. Ke4 Nc3+ 50. Kd3 Nd5 51. Bd2 Nf6 52. Kc4 Ng4 53. Bg5
e4 54. Kd4 e3 55. Kd3 Kd5 56. Be7 Kc6 57. Bf8 Kd5 58. Be7 Ke6 59. Bg5 Ke5 60.
Be7 Kd5 61. Bf8 Ne5+ 62. Kxe3 Nd7 63. Be7 Nxc5 64. Kf3 b5 65. Bf6 b4 66. g4 Ne4
67. Bh8 Nc3 68. gxh5 gxh5 69. Ke3 Kc4 70. Kd2 Nd5 71. Kc2 Ne3+ 72. Kb2 Nf5 73.
Bf6 Nd6 74. Kc2 Ne4 75. Be7 Nc5 76. Bf6 Na4 77. Bg7 b3+ 78. Kb1 Kd3 79. Bf6 Ke2
80. Kc1 Kf3 81. Kd2 Kg4 82. Kd3 Kf5 83. Bh8 Nc5+ 84. Kc3 Kg4 85. Bd4 Ne4+ 86.
Kxb3 Kxh4 87. Kc2 Kg3 88. Be5+ Kg2 89. Kd3 Ng3 90. Bf6 Kf3 91. Bd8 Ne4 92. Kd4
Nd6 93. Kd3 Nf5 94. Kd2 Ng7 95. Ke1 Ne6 96. Be7 Kg2 97. Ke2 Nd4+ 98. Kd3 Nc6 99.
Bf6 Kf3 100. Kd2 Nb4 101. Ke1 Nd5 102. Bd8 Kg2 103. Ke2 Nf4+ 104. Ke3 Ne6 105.
Be7 Kg3 106. Ke2 Kg2 1/2-1/2

[Event "World Blitz 2025"]
[Site "Doha QAT"]
[Date "2025.12.29"]
[Round "13.47"]
[White "Paravyan, David"]
[Black "Wojtaszek, Radoslaw"]
[Result "1/2-1/2"]
[WhiteTitle "GM"]
[BlackTitle "GM"]
[WhiteElo "2582"]
[BlackElo "2667"]
[WhiteFideId "4194985"]
[BlackFideId "1118358"]
[EventDate "2025.12.29"]

1. e4 e5 2. Nf3 Nc6 3. Bc4 Bc5 4. a4 Nf6 5. d3 d6 6. O-O h6 7. Be3 a6 8. Nbd2
O-O 9. h3 Re8 10. Nh4 Be6 11. Bxe6 Rxe6 12. Nf5 Ne7 13. Bxc5 dxc5 14. Ne3 Qd7
15. Ndc4 Ng6 16. Kh2 Rd8 17. a5 Qc8 18. Qe1 b5 19. axb6 cxb6 20. Nf5 b5 21. Nce3
c4 22. dxc4 Nxe4 23. cxb5 axb5 24. Qb4 Qb7 25. f3 Nf6 26. Rfd1 Rxd1 27. Rxd1 e4
28. f4 Qc7 29. g3 Nxf4 30. gxf4 Qxf4+ 31. Kg1 Kh7 32. Rd6 Ne8 33. Rxe6 fxe6 34.
Qxb5 exf5 35. Qxf5+ Qxf5 36. Nxf5 Kg6 37. Nd4 Kf6 38. Kf2 Ke5 39. Ke3 g5 40.
Nc6+ Kd5 41. Nb4+ Ke5 42. c4 h5 43. Nc6+ Kd6 44. Nd8 Kc5 45. b3 g4 46. h4 Nd6
47. Ne6+ Kb4 48. c5 Nf5+ 49. Kxe4 g3 50. Nf4 Ne7 51. Kf3 Kxc5 52. Ne6+ Kb4 53.
Ng7 Ng6 54. Kxg3 Kxb3 55. Nxh5 Nxh4 56. Kxh4 1/2-1/2

[Event "World Blitz 2025"]
[Site "Doha QAT"]
[Date "2025.12.29"]
[Round "13.48"]
[White "Gavrilescu, David"]
[Black "Sargsyan, Shant"]
[Result "1/2-1/2"]
[WhiteTitle "GM"]
[BlackTitle "GM"]
[WhiteElo "2542"]
[BlackElo "2665"]
[WhiteFideId "1227190"]
[BlackFideId "13306766"]
[EventDate "2025.12.29"]

1. e4 g6 2. d4 Bg7 3. Nc3 c6 4. h3 d6 5. Be3 b5 6. Bd3 Nd7 7. Nf3 Bb7 8. a4 a6
9. O-O e5 10. Qd2 Ngf6 11. axb5 cxb5 12. Rfe1 O-O 13. Bh6 Rc8 14. Bxg7 Kxg7 15.
d5 Nh5 16. Ne2 Nc5 17. g4 Nf6 18. Ng3 Re8 19. b4 Ncd7 20. g5 Ng8 21. Qe2 Nb6 22.
h4 Qd7 23. Kg2 h5 24. gxh6+ Nxh6 25. h5 Rh8 26. Rh1 Rcg8 27. hxg6 f5 28. Ng5
Kxg6 29. exf5+ Kf6 30. N5e4+ Ke7 31. Rxh6 Rxh6 32. Qe3 Rh4 33. Qxb6 Bxd5 34. Kf1
Rf4 35. Rxa6 Bxe4 36. Ra7 Bxd3+ 37. cxd3 Rxg3 38. Rxd7+ Kxd7 39. Qb7+ Kd8 40.
Qb8+ Kd7 41. Qb7+ Kd8 42. Qb8+ Kd7 43. Qb7+ Kd8 44. Qb6+ Kd7 45. Qxb5+ Ke7 46.
Qb7+ Kf6 47. Qd7 Rgf3 48. Qxd6+ Kxf5 49. Qd7+ Kf6 50. Qd6+ Kf5 51. Qd7+ Kf6 52.
Qd8+ Ke6 53. Qe8+ Kd6 54. Qd8+ Kc6 55. Qc8+ Kb5 56. Qc5+ Ka4 57. Qc2+ Kxb4 58.
Qb2+ Ka4 59. Qa2+ Kb5 60. Qd5+ Kb4 61. Qd6+ Kb3 62. Qd5+ Kc2 63. Qc5+ Kxd3 64.
Qd5+ Kc2 65. Qc5+ Kd2 66. Qd5+ Kc3 67. Qc5+ Kb3 68. Qb5+ Ka2 69. Qa5+ Kb1 70.
Qb5+ Kc2 71. Qc5+ Rc3 72. Qxe5 Rfc4 73. Kg2 Kb3 74. Qb5+ Rb4 75. Qd5+ Rcc4 76.
Qd3+ Ka4 77. Qd7+ Rb5 78. Qa7+ Kb4 79. Qe7+ Rbc5 80. Qb7+ Kc3 81. Qf3+ Kd4 82.
Qf4+ Kd5 83. Qf5+ Kc6 84. Qc8+ Kb5 85. Qb7+ Ka4 86. Qd7+ Rc6 87. Qa7+ Kb3 88.
Qb8+ Kc2 89. Qg8 Rc3 90. Qh7+ Kc1 91. Qf7 Rc2 92. Kg3 Rc7 93. Qf4+ Kd1 94. Qd6+
Ke2 95. Qe5+ Kf1 96. Qb5+ Kg1 97. f4 R7c3+ 98. Kg4 Rc4 99. Qb6+ Rf2 100. Qb1+
Rf1 101. Qb6+ Rf2 102. Qb1+ Kh2 103. Qh7+ Kg1 104. Qb1+ 1/2-1/2

[Event "World Blitz 2025"]
[Site "Doha QAT"]
[Date "2025.12.29"]
[Round "13.49"]
[White "Madaminov, Mukhiddin"]
[Black "Ibarra Jerez, Jose Carlos"]
[Result "1/2-1/2"]
[WhiteTitle "GM"]
[BlackTitle "GM"]
[WhiteElo "2552"]
[BlackElo "2532"]
[WhiteFideId "14210703"]
[BlackFideId "2226332"]
[EventDate "2025.12.29"]

1. e4 Nc6 2. Nf3 d6 3. d4 Nf6 4. Nc3 g6 5. Bb5 a6 6. Bxc6+ bxc6 7. h3 Bg7 8. O-O
O-O 9. Re1 Rb8 10. Qe2 Nd7 11. Na4 c5 12. dxc5 Rb4 13. c6 Rxa4 14. cxd7 Bxd7 15.
c3 Ra5 16. Qc2 Rb5 17. Be3 c5 18. Qc1 Re8 19. Nd2 Qb8 20. b3 Rb7 21. Rb1 a5 22.
Qc2 a4 23. h4 axb3 24. axb3 h5 25. Bf4 Be6 26. Bg3 Qc7 27. Nf3 Reb8 28. c4 Qa5
29. Re3 Rb4 30. Rd1 f6 31. Nd2 Bh6 32. f4 Kh7 33. Kh2 Ra8 34. Rf1 Qa2 35. Qd3
Qb2 36. Rb1 Qa2 37. Ree1 Qa7 38. Qc3 Qb7 39. Ra1 Rxa1 40. Rxa1 Bg7 41. Ra3 f5
42. e5 dxe5 43. fxe5 Bh6 44. Nf3 Qe4 45. Ra7 Rb7 46. Ra6 Bc8 47. Ra8 Rxb3 48.
Qxb3 Qxa8 49. Qb5 Qa7 50. Qe8 Be6 51. Qb5 Qc7 52. Bf2 Bf4+ 53. Bg3 Be3 54. Qb3
Bh6 55. Qb5 Kg7 56. Bf2 Bf4+ 57. Bg3 Be3 58. Qb3 f4 59. Be1 Bg4 60. Bc3 Bxf3 61.
gxf3 Bd4 62. Bxd4 cxd4 63. Qb5 d3 64. Qd5 Qb6 65. Qxd3 Qf2+ 66. Kh1 Qc5 1/2-1/2